| 000 | 01059cam a2200289 a 4500 | ||
|---|---|---|---|
| 005 | 20260322212005.0 | ||
| 008 | data | ||
| 010 | _a 96051918 | ||
| 020 | _a0679447156 (alk. paper) | ||
| 020 | _a9780679447153 (alk. paper) | ||
| 040 |
_aDLC _cDLC _dDLC |
||
| 050 | 0 | 0 |
_aRA776.95 _b.W45 1997 |
| 082 | 0 | 0 |
_a613 _221 |
| 100 | 1 | _aWeil, Andrew. | |
| 245 | 1 | 0 |
_aEight weeks to optimum health : _ba proven program for taking full advantage of your body's natural healing power / _cAndrew Weil. |
| 246 | 3 | _a8 weeks to optimum health | |
| 250 | _a1st ed. | ||
| 260 |
_aNew York : _bDistributed by Random House, _bDistributed by Random House, _c1997. |
||
| 300 |
_avi, 276 p. ; _c25 cm. |
||
| 504 | _aIncludes bibliographical references (p. [259]-265) and index. | ||
| 650 | 0 | _aSelf-care, Health. | |
| 650 | 0 | _aAlternative medicine. | |
| 650 | 0 | _aHealth behavior. | |
| 856 | 4 | 1 |
_3Sample text _uhttp://www.loc.gov/catdir/samples/random044/96051918.html |
| 856 | 4 | 2 |
_3Publisher description _uhttp://www.loc.gov/catdir/description/random0410/96051918.html |
| 001 | data | ||
| 999 |
_c67 _d67 |
||